Double-digit growth : how to achieve it with services (Record no. 334998)

000 -LEADER
fixed length control field 00442cam a22001577a 4500
008 - FIXED-LENGTH DATA ELEMENTS--GENERAL INFORMATION
fixed length control field 180718b1991 xxu||||| |||| 00| 0 eng d
020 ## - INTERNATIONAL STANDARD BOOK NUMBER
International Standard Book Number 9073625025
082 ## - DEWEY DECIMAL CLASSIFICATION NUMBER
Classification number T2 P282
100 ## - MAIN ENTRY--PERSONAL NAME
Personal name Pauli, Gunter
245 ## - TITLE STATEMENT
Title Double-digit growth : how to achieve it with services
Statement of responsibility, etc. by Gunter Pauli
260 ## - PUBLICATION, DISTRIBUTION, ETC.
Place of publication, distribution, etc. Belgium
Name of publisher, distributor, etc. Pauli Publishing
Date of publication, distribution, etc. 1991
300 ## - PHYSICAL DESCRIPTION
Extent 146p.
650 ## - SUBJECT ADDED ENTRY--TOPICAL TERM
Topical term or geographic name entry element Economic Development
650 ## - SUBJECT ADDED ENTRY--TOPICAL TERM
Topical term or geographic name entry element Service Industry
650 ## - SUBJECT ADDED ENTRY--TOPICAL TERM
Topical term or geographic name entry element Industry
Holdings
Withdrawn status Lost status Damaged status Not for loan Permanent Location Current Location Date acquired Full call number Barcode Date last seen Price effective from Koha item type
        Indian Institute of Public Administration Indian Institute of Public Administration 1993-02-01 T2 P282 66504 2018-07-21 2018-07-21 Book

Powered by Koha